000
00209 a2200097 4500
001
3561
100
_a
N.R.I
245
_a
Radio television electronics dictionary
260
_a
_b
Rider
_c
090
_c
2825
_d
2825
942
_a
NUST-CAE
_c
M
_c
20280
999
_c
238634
_d
238634